000
00289nam a22001337a 4500
003
SGT
020
_a
9789385185717
082
_a
200
_b
N21S
100
_a
SINGH, UDAI PRATAP
245
_a
NATHPANTH AND GORAKHBANI
260
_b
HINDUSTANI ACADEMY
_c
2021
300
_a
376
942
_2
ddc
_c
BK
999
_c
31769
_d
31769